000 00640cam a22002293a 4500
001 37368
003 PGUSA
005 20140828083823.0
008 110909s2011||||xxu|||||s|||||000 | eng d
040 _aPGUSA
_beng
042 _adc
050 4 _aK
100 1 _aBrandeis, Louis Dembitz,
_d1856-1941
245 1 4 _aThe Right to Privacy
_h[electronic resource] /
_cLouis Dembitz Brandeis
260 _bProject Gutenberg,
_c2011
506 _aPublic domain in the USA.
516 _aElectronic text
653 _aPrivacy, Right of
830 0 _aProject Gutenberg
_v37368
856 4 0 _uhttp://www.gutenberg.org/ebooks/37368
942 _cEB
999 _c266622
_d266622